| 000 | 00603nam a22001817a 4500 | ||
|---|---|---|---|
| 005 | 20180605163911.0 | ||
| 010 | _aENG-123136 | ||
| 020 |
_c130.00 _a9789386262059 |
||
| 035 | _aEN-106668 | ||
| 037 | _bDBAD/PUB | ||
| 082 | _a372.019 | ||
| 100 | _aPal B.k. | ||
| 245 |
_aPsychological perspectives of education: _cby B.K. Pal [and] Neera Sadh _belementary level / |
||
| 260 |
_aDelhi _bShipra Publications _c2017 |
||
| 270 |
_aLG 18-19, Pankaj Central Market, I.P. Ext., Patparganj, _bDelhi _e110092 |
||
| 300 |
_a174p. _c23cm(Pbk) _bb and w photos |
||
| 942 |
_2ddc _cEN _mPAL _h372.019 |
||
| 999 |
_c152463 _d152463 |
||